Statistics for Groups of Six #2

Click here to take the quiz!

General Stats

  • This quiz has been taken 90,651 times
    (39,031 since last reset)
  • The average score is 30 of 48

Answer Stats

GroupAnswer% Correct
Official langauges of the U.N.English
97%
Official langauges of the U.N.French
94%
Official langauges of the U.N.Spanish
93%
Longest river by continentNile
91%
Official langauges of the U.N.Mandarin
88%
Longest river by continentAmazon
87%
Megacities in IndiaDelhi
86%
Countries bordering South AfricaLesotho
83%
Megacities in IndiaMumbai
81%
U.S. states in the Rocky MountainsColorado
78%
Longest river by continentMississippi / Missouri
78%
Countries bordering South AfricaZimbabwe
78%
Countries bordering South AfricaNamibia
77%
Official langauges of the U.N.Russian
77%
Countries bordering South AfricaEswatini
75%
Countries bordering South AfricaBotswana
74%
Countries bordering South AfricaMozambique
74%
Official langauges of the U.N.Arabic
73%
U.S. states in the Rocky MountainsUtah
73%
U.S. states in the Rocky MountainsMontana
72%
States of AustraliaQueensland
70%
U.S. states in the Rocky MountainsIdaho
69%
U.S. states in the Rocky MountainsWyoming
69%
States of AustraliaNew South Wales
68%
Wives of Henry VIIIAnne {Boleyn}
67%
Wives of Henry VIIICatherine of {Aragon}
63%
States of AustraliaTasmania
62%
Megacities in IndiaKolkata
60%
States of AustraliaWestern Australia
60%
U.S. states in the Rocky MountainsNew Mexico
58%
States of AustraliaVictoria
57%
Longest river by continentYangtze
56%
Longest river by continentVolga
53%
Suspects in the board game ClueColonel Mustard
52%
States of AustraliaSouth Australia
48%
Wives of Henry VIIIJane {Seymour}
45%
Suspects in the board game ClueMiss Scarlet
45%
Suspects in the board game ClueMr. Green
44%
Wives of Henry VIIIAnne of {Cleves}
43%
Suspects in the board game ClueProfessor Plum
43%
Megacities in IndiaChennai
42%
Suspects in the board game ClueMrs. White
42%
Megacities in IndiaBangalore
38%
Wives of Henry VIIICatherine {Parr}
37%
Megacities in IndiaHyderabad
33%
Suspects in the board game ClueMrs. Peacock
32%
Wives of Henry VIIICatherine {Howard}
28%
Longest river by continentMurray
24%

Score Distribution

Percentile by Number Answered

Percent of People with Each Score

Your Score History

You have not taken this quiz since the last reset